Falconry today / (Record no. 190875)
[ view plain ]
| 000 -LEADER | |
|---|---|
| fixed length control field | 00919 a2200205 4500 |
| 003 - CONTROL NUMBER IDENTIFIER | |
| control field | Nust |
| 005 - DATE AND TIME OF LATEST TRANSACTION | |
| control field | 20230329124315.0 |
| 010 ## - LIBRARY OF CONGRESS CONTROL NUMBER | |
| LC control number | 74025980 |
| 040 ## - CATALOGING SOURCE | |
| Transcribing agency | Nust |
| 082 00 - DEWEY DECIMAL CLASSIFICATION NUMBER | |
| Classification number | 799.232,SAM |
| 100 1# - MAIN ENTRY--PERSONAL NAME | |
| Personal name | Samson, Jack. |
| 9 (RLIN) | 111558 |
| 245 10 - TITLE STATEMENT | |
| Title | Falconry today / |
| Statement of responsibility, etc. | Jack Samson ; ill. by Victoria Blanchard. |
| 260 ## - PUBLICATION, DISTRIBUTION, ETC. | |
| Place of publication, distribution, etc. | New York : |
| Name of publisher, distributor, etc. | H. Z. Walck, |
| Date of publication, distribution, etc. | c1976. |
| 300 ## - PHYSICAL DESCRIPTION | |
| Extent | xii, 112 p. : |
| Other physical details | ill. ; |
| Dimensions | 26 cm. |
| 505 ## - FORMATTED CONTENTS NOTE | |
| Formatted contents note | A brief history of Falconry (Page-5), Some Preliminaries (Page-11), The Language of Falconry (Page-14), The Equipment (Page-18), The Hunting Hawks of America (Page-32), How to get a Hawk (Page-47), Your New Hawk (Page-57), Flying to First and Lure (Page-64), Hunting Your Hawk (Page-71), Car and treatment of Hawks (Page-75), Whither Falconry (page-82). |
| 650 #0 - SUBJECT ADDED ENTRY--TOPICAL TERM | |
| Topical term or geographic name entry element | Falconry |
| General subdivision | Juvenile literature. |
| 9 (RLIN) | 111559 |
| 650 #0 - SUBJECT ADDED ENTRY--TOPICAL TERM | |
| Topical term or geographic name entry element | Falconry. |
| 9 (RLIN) | 111560 |
| 700 1# - ADDED ENTRY--PERSONAL NAME | |
| Personal name | Blanchard, Victoria. |
| 9 (RLIN) | 111561 |
| 942 ## - ADDED ENTRY ELEMENTS (KOHA) | |
| Source of classification or shelving scheme | |
| Koha item type | Book |
| Withdrawn status | Lost status | Source of classification or shelving scheme | Damaged status | Not for loan | Permanent Location | Current Location | Shelving location | Date acquired | Full call number | Barcode | Date last seen | Price effective from | Koha item type | Public note |
|---|---|---|---|---|---|---|---|---|---|---|---|---|---|---|
| Military College of Signals (MCS) | Military College of Signals (MCS) | General Stacks | 12/12/2016 | 799.232,SAM | MCS5936 | 12/08/2016 | 12/12/2016 | Book | Almirah No.75, Shelf No.3 |
